| 000 | 00532nam a2200169 a 4500 | ||
|---|---|---|---|
| 001 | 000047114 | ||
| 005 | 20201002053352.0 | ||
| 008 | 180417s2015 dr a 000 spa d | ||
| 020 | _a9789945123517 | ||
| 040 |
_aDO-SdBNP _bspa _cBNPHU |
||
| 082 |
_axxx _bS939f |
||
| 100 | 1 |
_aSuárez, Manuel Ángel _974910 |
|
| 245 | 0 |
_aFormación integral, humana y religiosa 1 :. : _bnivel primario / _cManuel Ángel Suárez. |
|
| 260 |
_aSanto Domingo : _bSusaeta, _c2015. |
||
| 300 |
_a104 p. : _bil ; _c28 cm. |
||
| 590 | _aInventariado, 2018 / DG | ||
| 999 |
_c46602 _d46602 |
||